000 01052nam a2200289 a 4500
001 470
003 BR-CuiBMT
005 20231108152417.0
008 231107s2009 spba 000 0 eng d
020 _a9788522452682
040 _aBR-CuiBMT
_cBR-CuiBMT
080 _22007
_a351.72
090 _a351.72
_bL525
_c6. ed.
245 0 0 _aLei de responsabilidade fiscal comentada :
_bLei Complementar nº 101, de 4 de maio de 2000 /
_cFlávio da Cruz (coordenador) ; [autores] Adauto Viccari Junior ... [et al.]
250 _a6. ed.
260 _aSão Paulo :
_bAtlas,
_c2009.
300 _a359 p. :
_bil. ;
_c24 cm
500 _a"Contém temas relevantes para concursos públicos."
500 _aVários autores.
504 _aInclui bibliografia.
650 _aAdministração pública
_xResponsabilidade tributária
_zBrasil
650 _aReceita pública
_vLegislação
_zBrasil
650 _aFinanças públicas
_vLegislação
_zBrasil
700 1 _aCruz, Flávio da
_dcoord.
700 1 _aViccari Junior, Adauto
_eet al.
_eautores
942 _2udc
_cLV
999 _c470
_d470